000 01570nam a22003977a 4500
003 CHAP
005 20220329135756.0
008 971013s1962 r 00010 d
010 _a41888
011 _a42860
035 _a46990
040 _cCHAP
082 _a330.1
_bM97Y 1962
100 0 0 _aMyrdal, Gunnar.
_979959
245 _aTeoría económica y regiones subdesarrolladas
250 _a2 ed.
260 _aMéxico, D.F. :
_bFondo de Cultura Económica,
_c1962
300 _a188 p
590 _aBATCH-UPD
_b10
_c20130109
_lUCH01
_h2344
590 _aBATCH-UPD
_b10
_c20130110
_lUCH01
_h1838
590 _aBATCH-UPD
_b10
_c20130410
_lUCH01
_h1209
590 _aBATCH-UPD
_b10
_c20130914
_lUCH01
_h1231
590 _aCONVERSION
_b10
_c20130109
_lUCH01
_h1323
650 1 4 _aEconomía.
_935226
650 1 4 _aPaíses subdesarrollados.
_985149
901 _aBK
942 _cLIBRO
949 _a330.1 M97Y 1962
_bBC
_cLIBRO
_d33724000312831
_eLIBRO
_fc.7
_h2114
_i46990
_si
949 _a330.1 M97Y 1962
_bBC
_cLIBRO
_d33724000312849
_eLIBRO
_fc.3
_h2110
_i46990
_si
949 _a330.1 M97Y 1962
_bBC
_cLIBRO
_d33724000312856
_eLIBRO
_fc.8
_h40250
_i46990
_si
949 _a330.1 M97Y 1962
_bBC
_cLIBRO
_d33724000312872
_eLIBRO
_fc.4
_h2111
_i46990
_si
949 _a330.1 M97Y 1962
_bBC
_cLIBRO
_d33724000312880
_eLIBRO
_fc.5
_h2112
_i46990
_si
949 _a330.1 M97Y 1962
_bBC
_cLIBRO
_d33724000312898
_eLIBRO
_h2108
_i46990
_si
949 _a330.1 M97Y 1962
_bBC
_cLIBRO
_d33724000312914
_eLIBRO
_fc.2
_h2109
_i46990
_si
949 _a330.1 M97Y 1962
_bBC
_cLIBRO
_d33724000312930
_eLIBRO
_fc.6
_h2113
_i46990
_si
999 _c41888
_d41888